=LDR 00000nam 2200000 4500 =001 INLIS000000000010765 =005 20240501015848 =035 ##$$a 0010-0524000145 =007 ta =008 240501################|##########|#|## =100 #$$a SYAHRUNI , (20TIA717) =245 1#$$a Pengaruh Penggunaan Smartphone Terhadap Text Neck Syndrome (Studi Kasus, Mahasiswa Teknik Industri Agro Angkatan 2023 Politeknik Ati Makassar) /$c Syahruni (20TIA717) =250 ##$$a 2023 =260 ##$$a Makassar :$b Politeknik Ati Makassar, Teknik Industri Agro,$c 2023 =856 ##$$a OPAC (Rak CD -ROM - TA TIA 2023) =990 ##$$a 26/ CD- TA-2023